Una historia del mundo.
Na minha lista:
| Autor principal: | |
|---|---|
| Formato: | Livro |
| Idioma: | espanhol |
| Publicado em: |
Barcelona, España
Grijalbo
1982
|
| Edição: | Segunda edición. |
| Assuntos: | |
| Tags: |
Adicionar Tag
Sem tags, seja o primeiro a adicionar uma tag!
|
MARC
| LEADER | 00000nam a2200000 a 4500 | ||
|---|---|---|---|
| 001 | UCP8587 | ||
| 003 | CL-VaPUC | ||
| 005 | 20240717160705.0 | ||
| 008 | 000303e19820000SP |||||||||||||||||spa|d | ||
| 999 | |c 285479 |d 285477 | ||
| 040 | |c Pontificia Universidad Católica de Valparaíso | ||
| 082 | 0 | 4 | |a 909 HUG 1982 |2 21 |
| 100 | 0 | |a Hugh, Thomas |9 438643 | |
| 245 | 1 | 4 | |a Una historia del mundo. |
| 250 | |a Segunda edición. | ||
| 260 | 0 | 3 | |a Barcelona, España |b Grijalbo |c 1982 |
| 300 | |a 881 páginas. | ||
| 583 | |a last modification |c 20000303 00:00:00 |k Rodrigo Vera | ||
| 650 | 0 | |a Historia universal |9 266877 | |
| 650 | 0 | |a Prehistoria |9 316557 | |
| 650 | 0 | |a Renacimiento |9 255107 | |
| 650 | 0 | |a Revolución industrial |9 309422 | |
| 650 | 0 | |a Absolutismo |9 257456 | |
| 650 | 0 | |a Democracia |9 255256 | |
| 650 | 0 | |a Guerras Mundiales |9 318984 | |
| 650 | 0 | |a Guerra Fría |9 319648 | |
| 942 | |c BK |2 ddc | ||
| 945 | |d 20000303 00:00:00 |a rherrera | ||
| 952 | |0 0 |1 0 |2 ddc |4 0 |6 909_000000000000000_HUG_1982 |7 0 |8 A |9 330125 |a BIBHIS |b BIBHIS |d 2019-11-20 |i 1393022 |o 909 HUG 1982 |p 1393022 |r 2025-01-20 |t 1 |w 2019-11-20 |y BK |k HIS | ||